000 00444nam a2200205Ia 4500
001 13181
003 GE_BSU
008 181216s||||||||xx |||||||||||||| ||und||
020 _a9780099514688
040 _cGE_BSU
080 _a821.111-32
100 _aLewis,Susan.
245 _aStolen Beginnings.
260 _aLondon.
260 _bArrom books.
260 _c1990
300 _a729p;20cm.
653 _aStolen Beginnings.
942 _cBK
999 _c46345
_d46345